| 000 | 00348nam a2200145Ia 4500 | ||
|---|---|---|---|
| 008 | 240729s9999 xx 000 0 und d | ||
| 022 | _a2073-445X | ||
| 245 | 0 | _aLand | |
| 260 | _aSwitzerland | ||
| 260 | _bMDPI AG | ||
| 650 | _aAgriculture | ||
| 856 | _uhttps://doaj.org/toc/9ff337dcd44f4b54abff1ae16d8abb20 | ||
| 942 | _2ddc | ||
| 942 | _cDOAJEJ | ||
| 999 |
_c67868 _d67868 |
||
| 945 |
_a1 _bMadushi Gamage _c1 _dMadushi Gamage |
||